000 00783nam a2200229Ii 4500
003 JO-AjNU
008 230605s9999||||xx |||||||||||||| ||und||
017 _a2002/13987
020 _a977-01-7988-4
040 _aJO-AjNU
_bara
_erda
_cJO-AjNU
041 _aara
050 1 4 _aPN1995.T43 2002
100 3 _aثابت،مدكور,
_eauthor
_915719
245 0 0 _aكيف تكسر الإيهام في الأفلام ؟
264 3 1 _aالقاهرة: مكتبة الأسرة،2002 ؛ مهرجان القراءة للجميع 2002
300 _a242ص
336 _atext
_btxt
_2rdacontent
337 _aunmediated
_bn
_2rdamedia
338 _avolume
_bnc
_2rdacarrier
490 0 _aالمكتبة السينمائية
650 4 _aالسينما - أفلام - تاريخ ونقد
_915720
999 _aA4504
_c8072
_d8072